Les débuts des mathématiques grecques / (Record no. 149125)

MARC details
000 -LEADER
campo de control de longitud fija 00660nam a2200205 4500
001 - NÚMERO DE CONTROL
campo de control 149125
003 - IDENTIFICADOR DE NÚMERO DE CONTROL
campo de control ES-MaACL
005 - FECHA Y HORA DE LA ÚLTIMA TRANSACCIÓN
campo de control 20230906202947.0
007 - CAMPO FIJO DE DESCRIPCIÓN FÍSICA--INFORMACIÓN GENERAL
campo de control de longitud fija t|
008 - DATOS DE LONGITUD FIJA--INFORMACIÓN GENERAL
campo de control de longitud fija 070214s1977 fr r ||||1| fre d
100 1# - ENTRADA PRINCIPAL--NOMBRE DE PERSONA
Nombre de persona Szabo, Arpad.
9 (RLIN) 187541
245 14 - MENCIÓN DEL TÍTULO
Título Les débuts des mathématiques grecques /
Mención de responsabilidad, etc. Arpád Szabo ; traduit par Michel Federspiel.
260 ## - PUBLICACIÓN, DISTRIBUCIÓN, ETC.
Lugar de publicación, distribución, etc. Paris :
Nombre del editor, distribuidor, etc. J. Vrin,
Fecha de publicación, distribución, etc. 1977.
300 ## - DESCRIPCIÓN FÍSICA
Extensión 403 p. ;
Dimensiones 21 cm.
490 1# - MENCIÓN DE SERIE
Mención de serie L'histoire des sciences. Textes et études
700 1# - ENTRADA AGREGADA--NOMBRE PERSONAL
Nombre de persona Federspiel, Michel.
9 (RLIN) 49073
830 0# - PUNTO DE ACCESO ADICIONAL DE SERIE-TÍTULO UNIFORME
Título uniforme L'histoire des sciences. Textes et études
9 (RLIN) 177448
852 ## - LOCALIZACIÓN
Ubicación ES-MaACL
Número de control de estantería L-11192
Sublocalización o colección R.112912
Holdings
Estatus retirado Estado de pérdida Estado de daño No para préstamo Biblioteca de origen Biblioteca actual Ubicación en estantería Fecha de adquisición Fuente de adquisición Total de préstamos Signatura topográfica completa Código de barras Visto por última vez Precio de reemplazo Tipo de ítem Koha
        Biblioteca del Ateneo de Madrid Biblioteca del Ateneo de Madrid Depósito 2 17/01/2008     L-11192 1155615 23/02/2023 23/02/2023 Libro impreso